Oznaczenia województw na tablicy rejestacyjnej - Statystyki

Ogólne statystyki
  • Ten quiz został rozwiązany 70 razy
  • Średni wynik to 13 z 16
Statystyki odpowiedzi
Litera Województwo % Poprawnych
W Mazowieckie
93%
L Lubelskie
88%
Z Zachodniopomorskie
88%
E Łódzkie
86%
P Wielkopolskie
86%
R Podkarpackie
84%
G Pomorskie
84%
D Dolnośląskie
82%
O Opolskie
82%
K Małopolskie
81%
B Podlaskie
81%
S Śląskie
77%
F Lubuskie
75%
C Kujawsko-Pomorskie
68%
N Warmińsko-Mazurskie
65%
T Świętokrzyskie
63%
Nie znaleziono quizów pasujących do podanych kryteriów
Rozkład punktacji
Procent ludzi z każdym wynikiem
Percentyl według liczby udzielonych odpowiedzi
Twoja historia wyników
Nie rozwiązałeś tego quizu